Kelet-Európa a két világháború között, 1918-1939

E tananyag kilenc olvasóleckéből (pdf, egy fájlba fűzve) és egy videóleckéből (wmv) áll. Kelet-Európa fontosabb államainak belpolitikáját foglalja össze a két világháború közötti időszakban, rövid kitekintéssel a második világháború alatti eseményekre is.

Elmentve itt :
Bibliográfiai részletek
Szerző: Bencsik Péter
Dokumentumtípus: Vegyes gyűjtemény
Megjelent: 2019-07
Kulcsszavak:kelet-európa
története
Tárgyszavak:
Online Access:http://eta.bibl.u-szeged.hu/2187
LEADER 02493noc a2200409 i 4500
001 eta2187
005 20260305141711.0
008 190723s2019 hu o 000 hun d
040 |a SZTE Elektronikus Tananyag Archívum  |b hun 
041 |a hun 
100 1 |a Bencsik Péter 
245 1 0 |a Kelet-Európa a két világháború között, 1918-1939  |h [elektronikus dokumentum] /  |c  Bencsik Péter 
246 1 0 |a History of Eastern Europe in the interwar period, 1918-1939  |h [elektronikus dokumentum] 
260 |c 2019-07 
520 3 |a E tananyag kilenc olvasóleckéből (pdf, egy fájlba fűzve) és egy videóleckéből (wmv) áll. Kelet-Európa fontosabb államainak belpolitikáját foglalja össze a két világháború közötti időszakban, rövid kitekintéssel a második világháború alatti eseményekre is. 
650 4 |a Bölcsészettudományok 
650 4 |a Történettudomány és régészet 
650 4 |a Történettudomány 
650 4 |a Társadalom-, gazdaság-, kultúra- és politikatörténet 
650 4 |a Újkori és jelenkori történelem 
695 |a kelet-európa 
695 |a története 
856 4 0 |u https://eta.bibl.u-szeged.hu/2187/2/Kelet-Europa%20a%20ket%20vh%20kozott.ppt  |z Dokumentum-elérés  
856 4 0 |u https://eta.bibl.u-szeged.hu/2187/31/K-eu-i_kisallamok_nyomorusaga.mp4  |z Dokumentum-elérés  
856 4 0 |u https://eta.bibl.u-szeged.hu/2187/25/Kelet-Europa_a_ket_vh_kozott.pdf  |z Dokumentum-elérés  
856 4 0 |u https://eta.bibl.u-szeged.hu/2187/4/kkeu1918utan.htm  |z Dokumentum-elérés  
856 4 0 |u https://eta.bibl.u-szeged.hu/2187/5/valsag.htm  |z Dokumentum-elérés  
856 4 0 |u https://eta.bibl.u-szeged.hu/2187/6/lengyelorszag.htm  |z Dokumentum-elérés  
856 4 0 |u https://eta.bibl.u-szeged.hu/2187/7/csehszlovakia.htm  |z Dokumentum-elérés  
856 4 0 |u https://eta.bibl.u-szeged.hu/2187/8/bibo.htm  |z Dokumentum-elérés  
856 4 0 |u https://eta.bibl.u-szeged.hu/2187/9/jugoszlavia.htm  |z Dokumentum-elérés  
856 4 0 |u https://eta.bibl.u-szeged.hu/2187/10/romania.htm  |z Dokumentum-elérés  
856 4 0 |u https://eta.bibl.u-szeged.hu/2187/11/bolsevik.htm  |z Dokumentum-elérés  
856 4 0 |u https://eta.bibl.u-szeged.hu/2187/12/szovjetunio.htm  |z Dokumentum-elérés  
856 4 0 |u https://eta.bibl.u-szeged.hu/2187/13/kkeumasodikvh.htm  |z Dokumentum-elérés  
856 4 0 |u https://eta.bibl.u-szeged.hu/2187/32/felirat.vtt  |z Dokumentum-elérés  
856 4 0 |u https://eta.bibl.u-szeged.hu/2187/33/felirat.html  |z Dokumentum-elérés